[Event "Brasschaat op 15th"]
[Site "Brasschaat"]
[Date "2015.08.21"]
[Round "7"]
[White "Cromsight, Jeroen"]
[Black "Van Haaften, Maarten"]
[Result "1-0"]
[WhiteElo "2026"]
[BlackElo "1701"]
[PlyCount "81"]
[EventDate "2015.08.15"]
[EventType "swiss"]
[EventRounds "9"]
[EventCountry "BEL"]
[SourceTitle "EXT 2017"]
[Source "ChessBase"]
[SourceDate "2016.10.25"]
[SourceVersion "1"]
[SourceVersionDate "2016.10.25"]
[SourceQuality "1"]

1. e4 c5 2. Nf3 d6 3. d4 cxd4 4. Nxd4 Nf6 5. Nc3 g6 6. Be2 Bg7 7. 0-0 0-0 8. Bg5 Nc6 9. Nb3 Be6 10. Kh1 a5 11. a4 Nb4 12. Nd4 Rc8 13. f4 Bc4 14. Ndb5 Qd7 15. h3 Nxe4 16. Nxe4 Bxe2 17. Qxe2 Rxc2 18. Qe3 Bxb2 19. Rab1 Rfc8 20. f5 d5 21. fxg6 hxg6 22. Rxb2 dxe4 23. Rxc2 Rxc2 24. Qxe4 e6 25. Qf3 Nd5 26. Nd6 f5 27. Ne4 Qxa4 28. Nf6+ Nxf6 29. Bxf6 Kf7 30. Be5 Qd7 31. Rd1 Qc8 32. Rd3 Rc5 33. Bg3 e5 34. Rb3 b5 35. Bf2 e4 36. Qe3 Rc1+ 37. Kh2 b4 38. Qa7+ Kg8 39. Qxa5 f4 40. Qd5+ Kh7 41. Qf7+ 1-0

[Event "Maastricht Limburg op-B 9th"]
[Site "Maastricht"]
[Date "2015.05.24"]
[Round "5"]
[White "Cromsight, Jeroen"]
[Black "Fortenbacher, Florian"]
[Result "1-0"]
[WhiteElo "1981"]
[BlackElo "1678"]
[PlyCount "81"]
[EventDate "2015.05.22"]
[EventType "swiss"]
[EventRounds "7"]
[EventCountry "NED"]
[SourceTitle "EXT 2016"]
[Source "ChessBase"]
[SourceDate "2015.10.08"]
[SourceVersion "1"]
[SourceVersionDate "2015.10.08"]
[SourceQuality "1"]

1. e4 e5 2. Nf3 Nc6 3. Bc4 Bc5 4. c3 Nf6 5. d4 exd4 6. cxd4 Bb4+ 7. Nc3 0-0 8. e5 Ne4 9. Qc2 d5 10. Bd3 f5 11. exf6 Nxf6 12. Be3 Bd6 13. a3 a6 14. h3 Be6 15. Ng5 Qe7 16. Nxh7 Nxh7 17. Bxh7+ Kh8 18. Bd3 Bg8 19. Qe2 Qf7 20. Qg4 Bh7 21. Qh4 g6 22. Qg5 Rae8 23. 0-0-0 Bf4 24. Qxd5 Bxe3+ 25. fxe3 Rxe3 26. Qxf7 Rxf7 27. Be4 Na5 28. Kd2 Nc4+ 29. Kc1 Rf2 30. Rdf1 Rxf1+ 31. Rxf1 Nd6 32. Bc2 Rg3 33. Rf2 Bg8 34. Ne4 Nxe4 35. Bxe4 c6 36. Rf8 Kg7 37. Rb8 Bd5 38. Rxb7+ Kh6 39. Bxd5 cxd5 40. Rd7 Rxg2 41. Rxd5 1-0

[Event "Maastricht Limburg op-B 9th"]
[Site "Maastricht"]
[Date "2015.05.24"]
[Round "4"]
[White "Cromsight, Jeroen"]
[Black "Staudte, Rainer"]
[Result "0-1"]
[WhiteElo "1981"]
[BlackElo "1871"]
[PlyCount "131"]
[EventDate "2015.05.22"]
[EventType "swiss"]
[EventRounds "7"]
[EventCountry "NED"]
[SourceTitle "EXT 2016"]
[Source "ChessBase"]
[SourceDate "2015.10.08"]
[SourceVersion "1"]
[SourceVersionDate "2015.10.08"]
[SourceQuality "1"]

1. e4 c5 2. Nf3 Nc6 3. Nc3 g6 4. d4 cxd4 5. Nxd4 Bg7 6. Nb3 Nf6 7. Be2 d6 8. 0-0 0-0 9. Bg5 a6 10. Kh1 b6 11. f4 h6 12. Bh4 Bb7 13. Bf3 Qc7 14. Nd5 Nxd5 15. exd5 Na7 16. c3 Rfe8 17. Qd2 Qc4 18. Rad1 Rad8 19. Rfe1 Nc8 20. Re4 Qc7 21. Qe2 Rd7 22. Re3 Rf8 23. Bg4 f5 24. Bf3 b5 25. Nd4 Rf7 26. a3 Nb6 27. Ne6 Qc4 28. Nxg7 Qxe2 29. Rxe2 Rxg7 30. Bf2 Na8 31. h4 Nc7 32. Bb6 g5 33. fxg5 hxg5 34. hxg5 Rxg5 35. Be3 Rg7 36. Red2 Ne8 37. a4 Nf6 38. Rd4 Ng4 39. Bxg4 fxg4 40. axb5 axb5 41. Rb4 Rc7 42. Rxb5 Ba6 43. Rb4 Rc4 44. Rd4 Rxb4 45. Rxb4 Kf7 46. Kh2 Bc8 47. Kg3 Bf5 48. Bf4 Rg8 49. Kf2 Rc8 50. g3 Rc5 51. c4 e5 52. dxe6+ Bxe6 53. b3 d5 54. Bd6 Ra5 55. c5 Ra2+ 56. Ke3 Rc2 57. Rb7+ Kf6 58. b4 Rc3+ 59. Kd4 Rc4+ 60. Ke3 Rc1 61. b5 Rc3+ 62. Kd2 d4 63. b6 Bf5 64. Re7 Rc2+ 65. Kd1 Rb2 66. Bf4 0-1

[Event "Maastricht Limburg op-B 8th"]
[Site "Maastricht"]
[Date "2014.06.09"]
[Round "6"]
[White "Luig, Benjamin"]
[Black "Cromsight, Jeroen"]
[Result "1/2-1/2"]
[WhiteElo "1844"]
[BlackElo "1939"]
[PlyCount "109"]
[EventDate "2014.06.06"]
[EventType "swiss"]
[EventRounds "7"]
[EventCountry "NED"]
[SourceTitle "EXT 2015"]
[Source "ChessBase"]
[SourceDate "2014.11.20"]
[SourceVersion "1"]
[SourceVersionDate "2014.11.20"]
[SourceQuality "1"]

1. d4 Nf6 2. c4 g6 3. g3 c5 4. d5 e6 5. Nc3 exd5 6. cxd5 d6 7. Bg2 Bg7 8. Nf3 0-0 9. 0-0 Re8 10. Re1 a6 11. a4 Qc7 12. Bf4 Ne4 13. Nxe4 Rxe4 14. Nd2 Rb4 15. Ne4 Bf5 16. Bxd6 Qd8 17. Bxb8 Rxb8 18. Nxc5 Bxb2 19. Qd2 Qb6 20. Ra2 Rc8 21. e4 Rxc5 22. exf5 Bc3 23. Re8+ Kg7 24. Qd3 Rd4 25. Qe2 Qb1+ 26. Bf1 Rd1 27. Re3 Rxf1+ 28. Qxf1 Qxa2 29. d6 Bf6 30. Rd3 Rd5 31. Qd1 Rxd3 32. Qxd3 Qa1+ 33. Kg2 Qxa4 34. d7 Qc6+ 35. f3 Qc7 36. g4 Kf8 37. Qa3+ Kg7 38. Qd3 Kf8 39. f4 Ke7 40. g5 Bc3 41. d8Q+ Qxd8 42. Qxc3 Qd5+ 43. Kg3 Qxf5 44. Qb4+ Ke8 45. Qxb7 Qd3+ 46. Kh4 Qd4 47. Qc6+ Kf8 48. Kg4 Qa1 49. h4 a5 50. h5 Qd1+ 51. Kg3 Qe1+ 52. Kg2 Qe2+ 53. Kg3 Qe3+ 54. Kg2 Qe2+ 55. Kg3 1/2-1/2

[Event "Maastricht Limburg op-B 8th"]
[Site "Maastricht"]
[Date "2014.06.06"]
[Round "1"]
[White "Cromsight, Jeroen"]
[Black "Been, Klaas"]
[Result "1-0"]
[WhiteElo "1939"]
[BlackElo "1799"]
[PlyCount "75"]
[EventDate "2014.06.06"]
[EventType "swiss"]
[EventRounds "7"]
[EventCountry "NED"]
[SourceTitle "EXT 2015"]
[Source "ChessBase"]
[SourceDate "2014.11.20"]
[SourceVersion "1"]
[SourceVersionDate "2014.11.20"]
[SourceQuality "1"]

1. e4 e5 2. Nf3 d6 3. d4 exd4 4. Nxd4 Nf6 5. Nc3 Be7 6. Be2 Bd7 7. 0-0 Nc6 8. Be3 0-0 9. f4 Re8 10. Bf3 Bf8 11. h3 Nxd4 12. Bxd4 c5 13. Bf2 Qc7 14. Qd3 Bc6 15. Rfe1 Nd7 16. Rad1 Rad8 17. g4 a6 18. Kg2 b5 19. Bh4 f6 20. g5 Be7 21. Nd5 Bxd5 22. Qxd5+ Kh8 23. Bh5 g6 24. Bg4 Kg7 25. Bxd7 Rxd7 26. gxf6+ Bxf6 27. Bxf6+ Kxf6 28. e5+ Kg7 29. f5 Qb7 30. f6+ Kf8 31. e6 Qxd5+ 32. Rxd5 Rc7 33. Rxd6 Ra8 34. Kf3 c4 35. Red1 Rcc8 36. Rd7 Kg8 37. Rg7+ Kh8 38. Rdd7 1-0

[Event "Maastricht Limburg op-B 7th"]
[Site "Maastricht"]
[Date "2013.05.18"]
[Round "3"]
[White "Cromsight, Jeroen"]
[Black "Keetman, Maaike"]
[Result "1/2-1/2"]
[WhiteElo "1950"]
[BlackElo "1856"]
[PlyCount "49"]
[EventDate "2013.05.17"]
[EventType "swiss"]
[EventRounds "7"]
[EventCountry "NED"]
[SourceTitle "EXT 2014"]
[Source "ChessBase"]
[SourceDate "2013.11.20"]
[SourceVersion "1"]
[SourceVersionDate "2013.11.20"]
[SourceQuality "1"]

1. e4 c5 2. Nf3 e6 3. d4 cxd4 4. Nxd4 Nc6 5. Be3 Qc7 6. Be2 a6 7. 0-0 Nf6 8. Nc3 Bb4 9. Nxc6 bxc6 10. Na4 Be7 11. Nb6 Rb8 12. Nxc8 Qxc8 13. e5 Nd5 14. Bc1 Bc5 15. c4 Ne7 16. Kh1 0-0 17. Bd3 Qc7 18. f4 d6 19. b3 dxe5 20. fxe5 Rbd8 21. Bb2 Nf5 22. Qf3 Ne3 23. Qe4 Rxd3 24. Qxd3 Nxf1 25. Qxf1 1/2-1/2

[Event "Maastricht Limburg op-B 5th"]
[Site "Maastricht"]
[Date "2011.06.12"]
[Round "4"]
[White "Brixius, Dirk"]
[Black "Cromsight, Jeroen"]
[Result "0-1"]
[WhiteElo "1944"]
[BlackElo "1902"]
[PlyCount "78"]
[EventDate "2011.06.10"]
[EventType "swiss"]
[EventRounds "7"]
[EventCountry "NED"]
[SourceTitle "EXT 2012"]
[Source "ChessBase"]
[SourceDate "2011.11.24"]
[SourceVersion "1"]
[SourceVersionDate "2011.11.24"]
[SourceQuality "1"]

1. c4 Nf6 2. Nc3 d5 3. cxd5 Nxd5 4. g3 c5 5. Bg2 Nc7 6. d3 e5 7. Nf3 Nc6 8. 0-0 Be7 9. b3 0-0 10. h3 b5 11. Bb2 Rb8 12. Qc1 f6 13. Rd1 Nd4 14. Rd2 Nxf3+ 15. Bxf3 Bxh3 16. Ne4 Ne6 17. e3 Bf5 18. Qd1 Qb6 19. Nc3 Nc7 20. Kg2 Rfd8 21. e4 Be6 22. Qe2 c4 23. Nd5 Nxd5 24. exd5 Bxd5 25. Bxd5+ Rxd5 26. Rh1 Rxd3 27. Rxd3 cxd3 28. Qxd3 Qb7+ 29. f3 g6 30. b4 Rd8 31. Qe3 Qd5 32. Bc1 Qxa2+ 33. Kh3 Bxb4 34. Rh2 Qe6+ 35. Kg2 Rc8 36. Rxh7 Rc2+ 37. Kf1 Rxc1+ 38. Qxc1 Kxh7 39. Qc7+ Qe7 0-1

[Event "Maastricht Limburg op-B 5th"]
[Site "Maastricht"]
[Date "2011.06.12"]
[Round "5"]
[White "Cromsight, Jeroen"]
[Black "Henrotte, Nils"]
[Result "1/2-1/2"]
[WhiteElo "1902"]
[BlackElo "1963"]
[PlyCount "56"]
[EventDate "2011.06.10"]
[EventType "swiss"]
[EventRounds "7"]
[EventCountry "NED"]
[SourceTitle "EXT 2012"]
[Source "ChessBase"]
[SourceDate "2011.11.24"]
[SourceVersion "1"]
[SourceVersionDate "2011.11.24"]
[SourceQuality "1"]

1. e4 e6 2. Nf3 d5 3. Nc3 Nf6 4. e5 Nfd7 5. d4 c5 6. Bg5 Qb6 7. dxc5 Bxc5 8. Qd2 Bxf2+ 9. Qxf2 Qxb2 10. Kd2 Qxa1 11. Bb5 Qxh1 12. Qc5 Qxg2+ 13. Kc1 Nc6 14. Bxc6 Qxg5+ 15. Nxg5 bxc6 16. Qxc6 Rb8 17. Nxd5 exd5 18. e6 0-0 19. exd7 Bb7 20. Qc7 Rfd8 21. Qf4 Rf8 22. Qc7 Rfd8 23. Qf4 Rf8 24. Qf5 g6 25. Qf6 h6 26. Ne6 fxe6 27. Qxg6+ Kh8 28. Qxh6+ Kg8 1/2-1/2

[Event "Geraardsbergen op 26th"]
[Site "Geraardsbergen"]
[Date "2010.08.12"]
[Round "4"]
[White "Cromsight, Jeroen"]
[Black "Saligo, Laura"]
[Result "1-0"]
[WhiteElo "1917"]
[BlackElo "1748"]
[PlyCount "85"]
[EventDate "2010.08.11"]
[EventType "swiss"]
[EventRounds "9"]
[EventCountry "BEL"]
[SourceTitle "CBM 138 Extra"]
[Source "ChessBase"]
[SourceDate "2010.10.29"]
[SourceVersion "1"]
[SourceVersionDate "2010.10.29"]
[SourceQuality "1"]

1. e4 b6 2. d4 Bb7 3. Bd3 Nf6 4. Qe2 e6 5. Nf3 c5 6. c3 Be7 7. 0-0 d5 8. e5 Nfd7 9. Ne1 Nc6 10. Be3 cxd4 11. cxd4 Nb4 12. Bb5 a6 13. Ba4 b5 14. Bd1 Nb6 15. f4 g6 16. b3 Rc8 17. Nd2 Nc6 18. Ndf3 Ba3 19. Qf2 Ne7 20. g4 h5 21. h3 hxg4 22. hxg4 Kd7 23. Rb1 Qf8 24. Nc2 b4 25. Nce1 Rh7 26. Nd3 Qh6 27. Qg2 Rc3 28. Nc5+ Kc7 29. Bd2 Nc6 30. f5 Qh3 31. fxe6 Rxf3 32. Bxf3 Qxg2+ 33. Kxg2 Bc8 34. exf7 Rxf7 35. Be3 Re7 36. Rh1 a5 37. Rh6 Rg7 38. Rh8 Ne7 39. Bh6 Rf7 40. e6 Rxf3 41. Kxf3 Kc6 42. Bf8 Kd6 43. Rh7 1-0

[Event "Geraardsbergen op 26th"]
[Site "Geraardsbergen"]
[Date "2010.08.12"]
[Round "3"]
[White "Verlinden, Robijn"]
[Black "Cromsight, Jeroen"]
[Result "1-0"]
[WhiteElo "1950"]
[BlackElo "1917"]
[PlyCount "93"]
[EventDate "2010.08.11"]
[EventType "swiss"]
[EventRounds "9"]
[EventCountry "BEL"]
[SourceTitle "CBM 138 Extra"]
[Source "ChessBase"]
[SourceDate "2010.10.29"]
[SourceVersion "1"]
[SourceVersionDate "2010.10.29"]
[SourceQuality "1"]

1. Nf3 Nf6 2. g3 g6 3. Bg2 Bg7 4. 0-0 0-0 5. d3 d5 6. Nbd2 c6 7. e4 dxe4 8. dxe4 Qc7 9. Qe2 Bg4 10. h3 Bxf3 11. Qxf3 Nfd7 12. Nb3 Na6 13. c3 Nac5 14. Nd4 e5 15. Nb3 Nxb3 16. axb3 Nc5 17. Ra3 Rfd8 18. Be3 Ne6 19. Rfa1 a6 20. Bf1 Bf8 21. b4 c5 22. b5 a5 23. Bc4 Rd6 24. Bd5 Ra7 25. b4 b6 26. bxa5 Rxa5 27. Rxa5 bxa5 28. Qe2 Qb6 29. Qc4 Rd7 30. Bxe6 fxe6 31. Qa4 Ra7 32. Rd1 Rb7 33. c4 Bd6 34. Qa1 Rb8 35. Rd3 Rd8 36. Bg5 Rf8 37. Qd1 Bc7 38. Rd7 Qb7 39. Qg4 Qb6 40. Qh4 h5 41. g4 Rf7 42. Rxf7 Kxf7 43. gxh5 gxh5 44. Qxh5+ Kf8 45. Qh8+ Kf7 46. Qf6+ Kg8 47. Bh6 1-0

[Event "Maastricht Limburg op-B 4th"]
[Site "Maastricht"]
[Date "2010.05.23"]
[Round "4"]
[White "Cromsight, Jeroen"]
[Black "Sanetra, Chris"]
[Result "1/2-1/2"]
[WhiteElo "1825"]
[BlackElo "2027"]
[PlyCount "48"]
[EventDate "2010.05.21"]
[EventType "swiss"]
[EventRounds "7"]
[EventCountry "NED"]
[SourceTitle "EXT 2011"]
[Source "ChessBase"]
[SourceDate "2010.11.26"]
[SourceVersion "1"]
[SourceVersionDate "2010.11.26"]
[SourceQuality "1"]

1. e4 c5 2. b4 d6 3. bxc5 dxc5 4. Nf3 Nc6 5. Bb5 Qb6 6. Nc3 e6 7. Ne5 Nf6 8. Rb1 Qc7 9. Nxc6 bxc6 10. Be2 Bd6 11. h3 0-0 12. d3 Be5 13. Qd2 Rd8 14. f4 Bd4 15. e5 Qa5 16. Rb3 c4 17. Ra3 Nd5 18. Rxa5 Bxc3 19. Qxc3 Nxc3 20. Bf3 cxd3 21. cxd3 Nd5 22. 0-0 a6 23. Bxd5 Rxd5 24. Rxd5 cxd5 1/2-1/2

[Event "Maastricht Limburg op-B 4th"]
[Site "Maastricht"]
[Date "2010.05.22"]
[Round "2"]
[White "Cromsight, Jeroen"]
[Black "Gendarme, Pierre"]
[Result "1-0"]
[WhiteElo "1825"]
[BlackElo "1760"]
[PlyCount "41"]
[EventDate "2010.05.21"]
[EventType "swiss"]
[EventRounds "7"]
[EventCountry "NED"]
[SourceTitle "EXT 2011"]
[Source "ChessBase"]
[SourceDate "2010.11.26"]
[SourceVersion "1"]
[SourceVersionDate "2010.11.26"]
[SourceQuality "1"]

1. e4 e6 2. c4 d5 3. cxd5 exd5 4. exd5 Nf6 5. Bb5+ Nbd7 6. Nc3 Bd6 7. Qe2+ Be7 8. Nf3 0-0 9. Bxd7 Bxd7 10. 0-0 Bf5 11. Nd4 Bg6 12. Qc4 c6 13. dxc6 Rc8 14. Re1 Bd6 15. g3 Qb6 16. b3 Rfd8 17. Bb2 a6 18. Rac1 Ng4 19. Nd5 Qa7 20. Ne7+ Bxe7 21. Rxe7 1-0